Macroeconomics: Theory and policy (Record no. 395973)

MARC details
000 -LEADER
fixed length control field 00474 a2200193 4500
005 - DATE & TIME
control field 20260310123807.0
008 - FIXED-LENGTH DATA ELEMENTS--GENERAL INFORMATION
fixed length control field 260310b |||||||| |||| 00| 0 eng d
020 ## - ISBN
International Standard Book Number 9789369584888
Price Rs. 645.00
040 ## - CATALOGING SOURCE
Original cataloging agency VIVEKANANDA LIBRARY
082 ## - DDC NUMBER
Classification number 338.5
Book Number A85M(21)
100 ## - MAIN ENTRY--PERSONAL NAME
Personal name Ahuja, H L
245 ## - TITLE STATEMENT
Title Macroeconomics: Theory and policy
250 ## - EDITION STATEMENT
Edition statement 21st
260 ## - PUBLICATION, DISTRIBUTION, ETC. (IMPRINT)
Name of publisher, distributor, etc S Chand
Date of publication, distribution, etc 2025
Place of publication, distribution, etc Noida
300 ## - PHYSICAL DESCRIPTION
Pages xviii, 782
650 ## - Subject
Subject Economics
650 ## - Subject
Subject Macroeconomics
942 ## - ADDED ENTRY ELEMENTS (KOHA)
Koha item type Books
Holdings
Withdrawn status Lost status Source of classification or shelving scheme Damaged status Not for loan Location (home branch) Sublocation or collection (holding branch) Shelving location Date acquired Koha issues (times borrowed) Koha full call number Accession No. Koha date last seen Koha item type
    Dewey Decimal Classification     VIVEKANANDA LIBRARY VIVEKANANDA LIBRARY Vivekananda Library 18/02/2026 1 338.5 A85M(21) 438419 16/04/2026 Books
    Dewey Decimal Classification     VIVEKANANDA LIBRARY VIVEKANANDA LIBRARY Vivekananda Library 18/02/2026   338.5 A85M(21) 438420 18/02/2026 Books
© Designed and Maintained by Vivekananda Library, MDU Rohtak